00666nam a2200109Ia 4500008004100000100003300041245011800074260004100192650026000233650001400493856004900507171212s9999 xx 000 0 und d aBenner, Chris;Pastor, Manuel cBenner, Chris;Pastor, ManuelaEquity, Growth, and CommunitybWhat the Nation Can Learn from America's Metro Areas bUniversity of California Pressc2015 aEconomic development -- Social aspects -- United States; Economic development projects -- United States -- Case studies; Income distribution -- United States; Regional planning -- United States -- Case studies; Cities and towns -- United States -- Economi aSociology uhttp://jstor.org/stable/10.1525/j.ctt1ffjnd4